Normal view
MARC view
- Ali Ahmad Malik
Entry Personal Name
001 - CONTROL NUMBER
- control field: 98544
003 - CONTROL NUMBER IDENTIFIER
- control field: NUST
005 - DATE AND TIME OF LATEST TRANSACTION
- control field: 20220826151944.0
008 - FIXED-LENGTH DATA ELEMENTS
- fixed length control field: 220826|| aca||aabn | a|a d
040 ## - CATALOGING SOURCE
- Original cataloging agency: NUST
- Transcribing agency: NUST
100 ## - HEADING--PERSONAL NAME
- Personal name: Ali Ahmad Malik
670 ## - SOURCE DATA FOUND
- Source citation: Work cat.: (NUST)13701: Ali Ahmad Malik, Self-Adaptive access control & delegation in cloud computing, 2016
